[Event "Steyr Landesliga 1213"]
[Site "Austria"]
[Date "2013.05.04"]
[Round "11.7"]
[White "Nuster, Robert"]
[Black "Schwab, Franz"]
[Result "1-0"]
[WhiteElo "2086"]
[BlackElo "1765"]
[PlyCount "101"]
[EventDate "2012.09.22"]
[EventType "team-tourn"]
[EventRounds "11"]
[EventCountry "AUT"]
[SourceTitle "EXT 2014"]
[Source "ChessBase"]
[SourceDate "2013.11.20"]
[SourceVersion "1"]
[SourceVersionDate "2013.11.20"]
[SourceQuality "1"]
[WhiteTeam "Feldbach Kirchberg"]
[BlackTeam "Trofaiach Niklasdorf"]
[WhiteTeamCountry "AUT"]
[BlackTeamCountry "AUT"]

1. d4 Nf6 2. Nf3 d5 3. e3 Bg4 4. Be2 c5 5. c3 e6 6. 0-0 cxd4 7. exd4 Nbd7 8. Nbd2 Bd6 9. Re1 Qc7 10. Nf1 Bxf3 11. Bxf3 0-0 12. g3 Rac8 13. Ne3 b5 14. Bd2 Nb6 15. b3 Rfd8 16. Ng4 Nxg4 17. Bxg4 h6 18. Bh3 Nd7 19. Qe2 a6 20. a4 Qb7 21. axb5 axb5 22. Ra5 Rb8 23. b4 Bc7 24. Ra2 Ra8 25. Rea1 Rxa2 26. Rxa2 Re8 27. Bf1 Rb8 28. Qd1 Nf6 29. f3 Bb6 30. Kg2 Qc6 31. Bd3 Nd7 32. Qe2 Bc7 33. Ra3 g5 34. f4 f6 35. Qh5 Nf8 36. fxg5 hxg5 37. Bg6 Qd7 38. Ra7 Rc8 39. Bd3 Qc6 40. Qe2 Rb8 41. h4 Qd6 42. Qg4 Bb6 43. Ra6 Qd7 44. hxg5 f5 45. Qh5 Qf7 46. Qe2 Qb7 47. Ra1 Bc7 48. Qh5 Bd6 49. Rh1 Qg7 50. Qe2 Nh7 51. Qxe6+ 1-0

[Event "Steyr Landesliga 1213"]
[Site "Austria"]
[Date "2013.03.16"]
[Round "8.7"]
[White "Nuster, Robert"]
[Black "Korom, Johann"]
[Result "1/2-1/2"]
[WhiteElo "2086"]
[BlackElo "1912"]
[PlyCount "30"]
[EventDate "2012.09.22"]
[EventType "team-tourn"]
[EventRounds "11"]
[EventCountry "AUT"]
[SourceTitle "EXT 2014"]
[Source "ChessBase"]
[SourceDate "2013.11.20"]
[SourceVersion "1"]
[SourceVersionDate "2013.11.20"]
[SourceQuality "1"]
[WhiteTeam "Feldbach Kirchberg"]
[BlackTeam "Graz Post"]
[WhiteTeamCountry "AUT"]
[BlackTeamCountry "AUT"]

1. d4 Nf6 2. Nf3 g6 3. Bf4 Bg7 4. e3 0-0 5. Bd3 d6 6. Nbd2 Nbd7 7. 0-0 Qe8 8. e4 Nh5 9. Be3 c5 10. c3 b6 11. a4 e5 12. a5 Rb8 13. axb6 axb6 14. Bb5 Qd8 15. Nc4 Qc7 1/2-1/2

[Event "Steyr Landesliga 1213"]
[Site "Austria"]
[Date "2012.10.13"]
[Round "2.7"]
[White "Nuster, Robert"]
[Black "Preck, Helmut"]
[Result "1/2-1/2"]
[WhiteElo "2086"]
[BlackElo "2017"]
[PlyCount "68"]
[EventDate "2012.09.22"]
[EventType "team-tourn"]
[EventRounds "11"]
[EventCountry "AUT"]
[SourceTitle "EXT 2014"]
[Source "ChessBase"]
[SourceDate "2013.11.20"]
[SourceVersion "1"]
[SourceVersionDate "2013.11.20"]
[SourceQuality "1"]
[WhiteTeam "Feldbach Kirchberg"]
[BlackTeam "Graz Austria"]
[WhiteTeamCountry "AUT"]
[BlackTeamCountry "AUT"]

1. d4 e6 2. Nf3 f5 3. Bf4 Nf6 4. e3 Be7 5. c4 b6 6. Nc3 Bb7 7. Be2 Nh5 8. h4 Nxf4 9. exf4 Bf6 10. g3 Qe7 11. 0-0 Na6 12. Re1 h6 13. Ne5 Bxe5 14. Bh5+ Kf8 15. Rxe5 g5 16. Bf3 Bxf3 17. Qxf3 c6 18. fxg5 hxg5 19. hxg5 Qxg5 20. Rae1 Qh6 21. Qg2 Nb4 22. Rd1 Re8 23. a3 Na6 24. Ne2 Re7 25. Nf4 Reh7 26. Rde1 Nc7 27. b3 Kf7 28. d5 cxd5 29. cxd5 Qh1+ 30. Qxh1 Rxh1+ 31. Kg2 Rxe1 32. Rxe1 Nxd5 33. Nxd5 exd5 34. Re5 Kf6 1/2-1/2

[Event "Steyr Landesliga 1112"]
[Site "Austria"]
[Date "2012.05.05"]
[Round "11.6"]
[White "Nuster, Robert"]
[Black "Klinkan, Elisabeth"]
[Result "1/2-1/2"]
[WhiteElo "2095"]
[BlackElo "1982"]
[PlyCount "31"]
[EventDate "2011.09.24"]
[EventType "team-tourn"]
[EventRounds "11"]
[EventCountry "AUT"]
[SourceTitle "EXT 2015"]
[Source "ChessBase"]
[SourceDate "2014.11.20"]
[SourceVersion "1"]
[SourceVersionDate "2014.11.20"]
[SourceQuality "1"]
[WhiteTeam "Feldbach Kirchberg"]
[BlackTeam "Weiz"]
[WhiteTeamCountry "AUT"]
[BlackTeamCountry "AUT"]

1. d4 d5 2. Nf3 e6 3. c4 Nf6 4. Nc3 c6 5. Bf4 Bb4 6. a3 Bxc3+ 7. bxc3 dxc4 8. Qc2 Nd5 9. Bg5 f6 10. Bd2 b5 11. e4 Nb6 12. Be2 0-0 13. 0-0 Qe7 14. e5 f5 15. a4 Nd5 16. Rfb1 1/2-1/2

[Event "Steyr Landesliga 1112"]
[Site "Austria"]
[Date "2011.10.08"]
[Round "2.7"]
[White "Fahrner, Jakob"]
[Black "Nuster, Robert"]
[Result "1-0"]
[WhiteElo "1760"]
[BlackElo "2095"]
[PlyCount "97"]
[EventDate "2011.09.24"]
[EventType "team-tourn"]
[EventRounds "11"]
[EventCountry "AUT"]
[SourceTitle "EXT 2013"]
[Source "ChessBase"]
[SourceDate "2012.11.22"]
[SourceVersion "1"]
[SourceVersionDate "2012.11.22"]
[SourceQuality "1"]
[WhiteTeam "Graz Austria"]
[BlackTeam "Feldbach Kirchberg"]
[WhiteTeamCountry "AUT"]
[BlackTeamCountry "AUT"]

1. e4 d6 2. d4 g6 3. Nf3 Bg7 4. Bc4 e6 5. 0-0 Ne7 6. c3 0-0 7. Be3 Nd7 8. Re1 a6 9. a4 b6 10. Bf4 Bb7 11. Nbd2 h6 12. e5 d5 13. Bd3 c5 14. b4 cxb4 15. cxb4 b5 16. axb5 Qb6 17. bxa6 Bxa6 18. Bxa6 Rxa6 19. Rxa6 Qxa6 20. Nb3 Qc4 21. Nc5 Nb6 22. Qb3 Qb5 23. Ra1 Nc4 24. Ra7 Nc8 25. Rb7 N8b6 26. Nd7 Ra8 27. Qb1 Qa6 28. Nxb6 Nxb6 29. Rc7 Nc4 30. h4 Qb6 31. Rc5 Bf8 32. Qe1 Rb8 33. Bd2 Nxd2 34. Qxd2 Bxc5 35. bxc5 Qb1+ 36. Kh2 Kg7 37. Qf4 Qf5 38. Qxf5 gxf5 39. g3 Rb2 40. Kg2 Rc2 41. Ne1 Rc4 42. Nf3 f6 43. exf6+ Kxf6 44. Kf1 e5 45. dxe5+ Ke6 46. c6 Re4 47. h5 Ke7 48. Nh4 d4 49. f3 1-0